|
|
|
|
| LEADER |
00000nam0a2200000 4500 |
| 001 |
275874 |
| 005 |
20231222141308.0 |
| 035 |
|
|
|a (RuTPU)RU\TPU\book\299127
|
| 090 |
|
|
|a 275874
|
| 100 |
|
|
|a 20141117d2014 k y0rusy50 ca
|
| 101 |
0 |
|
|a rus
|
| 102 |
|
|
|a RU
|
| 105 |
|
|
|a a dm 001zy
|
| 200 |
1 |
|
|a Исследование эффекта изотопозамещения в молекулах, удовлетворяющих "расширенной" модели локальных мод
|e автореферат диссертации на соискание ученой степени кандидата физико-математических наук
|e спец. 01.04.02
|f А. Л. Фомченко
|g Национальный исследовательский Томский политехнический университет (ТПУ), Кафедра теоретической и экспериментальной физики ; Национальный исследовательский Томский государственный университет (ТГУ), Кафедра теоретической физики ; Университет Бургундии ; науч. рук. Е. С. Бехтерева ; науч. рук. К. Леруа
|
| 210 |
|
|
|a Томск
|d 2014
|
| 215 |
|
|
|a 17 с.
|c ил.
|
| 300 |
|
|
|a Защита сост. 18.09.2014 г.
|
| 320 |
|
|
|a Библиогр.: с. 15-16 (12 назв.).
|
| 606 |
1 |
|
|a Межмолекулярные взаимодействия
|x Спектроскопические исследования
|2 stltpush
|3 (RuTPU)RU\TPU\subj\41956
|9 61721
|
| 610 |
1 |
|
|a физика
|
| 610 |
1 |
|
|a изотопозамещения
|
| 610 |
1 |
|
|a молекулы
|
| 610 |
1 |
|
|a колебательно-вращательная спектроскопия
|
| 610 |
1 |
|
|a метан
|
| 610 |
1 |
|
|a изотопомеры
|
| 610 |
1 |
|
|a колебательно-вращательные спектры
|
| 610 |
1 |
|
|a колебательные координаты
|
| 610 |
1 |
|
|a многоатомные молекулы
|
| 610 |
1 |
|
|a гамильтонианы
|
| 610 |
1 |
|
|a авторефераты диссертаций
|
| 675 |
|
|
|a 539.14(04)
|v 3
|
| 686 |
|
|
|a 01.04.02
|2 oksvnk
|
| 700 |
|
1 |
|a Фомченко
|b А. Л.
|c физик
|c инженер-исследователь Томского политехнического университета, кандидат физико-математических наук
|f 1987-
|g Анна Леонидовна
|3 (RuTPU)RU\TPU\pers\33045
|9 16879
|
| 702 |
|
1 |
|a Бехтерева
|b Е. С.
|c физик
|c профессор Томского политехнического университета, доктор физико-математических наук
|g Елена Сергеевна
|3 (RuTPU)RU\TPU\pers\33044
|4 727
|
| 702 |
|
1 |
|a Лерой
|b К. А.
|c физик
|c младший научный сотрудник Томского политехнического университета
|c профессор Монреальского университета (Франция), доктор философии
|f 1961-
|g Клод Андре
|3 (RuTPU)RU\TPU\pers\37431
|4 727
|
| 712 |
0 |
2 |
|a Национальный исследовательский Томский политехнический университет (ТПУ)
|b Кафедра теоретической и экспериментальной физики
|c (2009- )
|3 (RuTPU)RU\TPU\col\15902
|
| 712 |
0 |
2 |
|a Национальный исследовательский Томский государственный университет (ТГУ)
|b Кафедра теоретической физики
|c (2009- )
|3 (RuTPU)RU\TPU\col\17230
|
| 712 |
0 |
2 |
|a Университет Бургундии
|c (г. Дижон, Франция)
|3 (RuTPU)RU\TPU\col\20017
|
| 801 |
|
1 |
|a RU
|b 63413507
|c 20141117
|
| 801 |
|
2 |
|a RU
|b 63413507
|c 20170221
|g RCR
|
| 942 |
|
|
|c BK
|